| 000 | 00598nam a22001937a 4500 | ||
|---|---|---|---|
| 005 | 20251108165943.0 | ||
| 008 | 250721s1992 xx 000 0 ara d | ||
| 082 | 1 | 4 | _aط/811.9/بها |
| 100 | 1 | _aعبد الموجود، بهاء الدين | |
| 245 | 1 | 0 |
_aمطلع الفجر : _bأشعار / |
| 264 | 1 |
_aالقاهره : _bشركة سفير، _c1992. |
|
| 300 | _a14ص | ||
| 490 | 0 | _aسلسلة الأغاني و الأناشيد ؛ 7 | |
| 650 | 1 | 7 | _aالشعر الحديث |
| 650 | 1 | 7 | _aالشعر العربي |
| 650 | 1 | 7 | _aالأدب العربي |
| 942 |
_2ddc _cBK |
||
| 999 |
_c35754 _d35754 |
||